Mixed Word: Common Bond LXXXIII Quiz Stats

 Plays Quiz Updated Oct 17, 2016

Challenge
Share
Tweet
Embed
Score 0/16 Timer 04:00
0 Plays Today
Scrambled Thing Unscrambled Thing % Correct
PRODDrop
97.1%
EPICSSpice
96.8%
CLABK DAN THEIWBlack and white
96.2%
TEALHOOCC PCHIChocolate chip
95%
GUSRASugar
92%
TANEUP RETUBTPeanut butter
89.7%
LOTL ESHUOToll House
88.9%
What are all these examples of?Cookies
81.7%
Scrambled Thing Unscrambled Thing % Correct
LAMINA RACEKRCAnimal cracker
81.3%
LAMETAO AIRSNIOatmeal raisin
69.9%
NOCORAMAMacaroon
59.8%
LOEDSKEDORNICSnickerdoodle
56.5%
CHAWDINSSandwich
40%
PAGGINSRENGingersnap
31%
DROBTHEASRShortbread
21.7%
RITHEMHermit
21%

You're not logged in!

Compare scores with friends on all Sporcle quizzes.
Join for Free
OR
Log In

You Might Also Like...

Show Comments

Extras

Top Quizzes Today


Score Distribution

Your Account Isn't Verified!

In order to create a playlist on Sporcle, you need to verify the email address you used during registration. Go to your Sporcle Settings to finish the process.

Report this User

Report this user for behavior that violates our Community Guidelines.

Details: